000 00387 a2200109 4500
001 ART_43883
005 20260410161808.0
008 260409a
245 1 0 _aConflicto entre acreedores con privilegio especial (crédito hipotecario vs. crédito fiscal)
100 1 _aAlmada, Sebastián E.
773 0 _tDoctrina Societaria y Concursal
_g- Nº 358 (sep. 2017)
_wREV4298
999 _c21183
_d21183